000 00963nas a2200325 4500
001 BR2011003047
003 BR-BrBNA
005 20231205115338.0
007 ta
008 230509b bl.|||p| |||| 00| 00por d
040 _aBR-BrBNA
_bpor
_cBiblioteca Nacional de Agricultura
041 _a(En)
072 _aL51; L50
100 1 _aLopes, J.B.
100 1 _aMoreira, J.A.
100 1 _aKebreab, e.
100 1 _aVitti, D.M.S.S.
100 1 _aAbdalla, A.L.
100 1 _aCrompton, L.A.
100 1 _aFrance, J.
245 1 _aA model on biological flow of phosphorus in growing pigs
650 _aSUÍNO
650 _aMETABOLISMO
650 _aCRESCIMENTO
650 _aABSORÇÃO DE NUTRIENTES
650 _aANÁLISE QUÍMICA
773 0 _tArquivo Brasileiro de Medicina Veterinária e Zootecnia (Brazil)
_xISSN 0102-0935
_g(Jun 2009), v. 61(3) p. 691-697
_wBR2011003047
909 _a202311
_bLúcia
_c55
_dLúcia Elande
942 _2AGRIS
_n0
_cANA
999 _c213327
_d213327